LEADER 01202nam--2200361---450- 001 990002295890203316 005 20091020171105.0 035 $a000229589 035 $aUSA01000229589 035 $a(ALEPH)000229589USA01 035 $a000229589 100 $a20041222d1973----km-y0itay0103----ba 101 $afre 102 $aBE 105 $a||||||||001yy 200 1 $aIntroduction au droit du travail dans les pays de la Communauté économique européenne$eessai de droit comparé$fJacques Piron$gpréface de Albert Coppé 210 $aBruxelles$cLarcier$d1973 215 $a148 p.$d18 cm 410 0$12001 454 1$12001 461 1$1001-------$12001 700 1$aPIRON,$bJacques$039167 702 1$aCOPPÉ,$bAlbert 801 0$aIT$bsalbc$gISBD 912 $a990002295890203316 951 $aXXIII.4.K. 241 (IG VIII 12 453)$b40685 G.$cXXIII.4.K. 241 (IG VIII 12)$d00245732 959 $aBK 969 $aGIU 979 $aSIAV2$b10$c20041222$lUSA01$h1357 979 $aSIAV2$b10$c20041222$lUSA01$h1401 979 $aRSIAV3$b90$c20091020$lUSA01$h1711 996 $aIntroduction au droit du travail dans les pays de la Communauté economique europeenne$9806387 997 $aUNISA LEADER 01755nam 2200421I 450 001 9910706582003321 005 20171116145343.0 035 $a(CKB)5470000002456624 035 $a(OCoLC)1011687834 035 $a(EXLCZ)995470000002456624 100 $a20171116d2011 ua 0 101 0 $aeng 135 $aurmn||||||||| 181 $ctxt$2rdacontent 182 $cc$2rdamedia 183 $acr$2rdacarrier 200 10$aMiddle school mathematics professional development impact study $efindings after the second year of implementation$iExecutive summary /$fMichael S. Garet [and eleven others] ; Elizabeth Warner, project officer 210 1$aWashington, DC :$cNational Center for Education Evaluation and Regional Assistance, Institute of Education Sciences,$d2011. 215 $a1 online resource (xxi pages) $cillustrations 300 $a"May 2011." 300 $a"NCEE 2011-4024." 320 $aIncludes bibliographical references (page xxi). 517 $aMiddle school mathematics professional development impact study 606 $aMathematics teachers$xTraining of$zUnited States 606 $aMathematics$xStudy and teaching (Middle school)$zUnited States 606 $aAcademic achievement$zUnited States 615 0$aMathematics teachers$xTraining of 615 0$aMathematics$xStudy and teaching (Middle school) 615 0$aAcademic achievement 700 $aGaret$b Michael S.$01386587 701 $aWarner$b Elizabeth$01386588 712 02$aNational Center for Education Evaluation and Regional Assistance (U.S.), 801 0$bGPO 801 1$bGPO 906 $aBOOK 912 $a9910706582003321 996 $aMiddle school mathematics professional development impact study$93435597 997 $aUNINA